[Event "2BLN 2122 SV Lingen - SV Werder Bremen "]
[Site "?"]
[Date "2022.05.01"]
[Round "4.2"]
[White "Milanovic, Danilo"]
[Black "Carlstedt, Jonathan"]
[Result "1/2-1/2"]
[WhiteElo "2406"]
[BlackElo "2444"]
[PlyCount "170"]
[EventDate "2022.??.??"]

1. d4 Nf6 2. c4 e6 3. Nc3 Bb4 4. e3 O-O 5. Bd3 d5 6. cxd5 exd5 7. a3 Bd6 8. Qc2
a6 9. Nge2 Re8 10. b4 b6 11. Rb1 g6 12. b5 Bf8 13. a4 c5 14. Qd1 a5 15. O-O
Nbd7 16. Nf4 Bb7 17. Be2 Rc8 18. Bb2 c4 19. Bf3 Bb4 20. Qc2 Nf8 21. Rbd1 h5 22.
g3 Kg7 23. h3 N8h7 24. Bc1 Qd7 25. Bg2 Rcd8 26. f3 Qd6 27. Nfe2 Qe7 28. Qb2 Kg8
29. Qc2 Bd6 30. Qd2 Qc7 31. Qe1 Re7 32. Qf2 Rde8 33. Bd2 g5 34. g4 Re6 35. Bh1
Nf8 36. Kg2 Ng6 37. Kg1 hxg4 38. hxg4 Kg7 39. Qg2 Nh4 40. Qh3 Rxe3 41. Bxe3
Rxe3 42. Kf2 Rd3 43. Rxd3 cxd3 44. Rc1 dxe2 45. Nxe2 Qe7 46. Qf1 Bb8 47. Bg2
Qd6 48. Qd1 Nd7 49. Qd2 f6 50. Rh1 Nf8 51. f4 Nxg2 52. Kxg2 gxf4 53. Qd3 Qe6
54. Kf2 Bc8 55. Qh3 Kf7 56. Qh5+ Ke7 57. g5 Qe3+ 58. Kf1 Be6 59. gxf6+ Kxf6 60.
Qh8+ Kf7 61. Rh6 Bd6 62. Rf6+ Ke8 63. Nxf4 Bg4 64. Qh6 Qf3+ 65. Kg1 Be7 66.
Rxb6 Qe4 67. Kh2 Kf7 68. Rb7 Qe3 69. Qg5 Qf2+ 70. Ng2 Bd7 71. Qxd5+ Be6 72.
Qh5+ Ng6 73. d5 Kf6 74. Rxe7 Kxe7 75. Qg5+ Qf6 76. Qxf6+ Kxf6 77. dxe6 Kxe6 78.
Ne3 Ne5 79. Kg3 Kd6 80. Kf4 Nd3+ 81. Ke4 Nc5+ 82. Kd4 Nxa4 83. Nc4+ Kc7 84.
Nxa5 Kb6 85. Nc4+ Kxb5 1/2-1/2

[Event "2BLN 2122 SV Lingen - SV Werder Bremen "]
[Site "?"]
[Date "2022.05.01"]
[Round "4.3"]
[White "Meins, Gerlef"]
[Black "Gutman, Lev"]
[Result "1-0"]
[WhiteElo "2417"]
[BlackElo "2365"]
[PlyCount "59"]
[EventDate "2022.??.??"]

1. d4 Nf6 2. c4 g6 3. Nc3 d5 4. Bf4 Bg7 5. e3 c6 6. Nf3 O-O 7. h3 Nbd7 8. cxd5
Nxd5 9. Nxd5 cxd5 10. Bd3 f6 11. O-O e5 12. dxe5 fxe5 13. Bg5 Qa5 14. e4 dxe4
15. Bxe4 Kh8 16. Be7 Re8 17. Qd6 Qb6 18. Rfe1 Bf8 19. Bxf8 Rxf8 20. Rad1 Qxd6
21. Rxd6 Rb8 22. Bc2 Re8 23. Rd5 Kg7 24. Nxe5 Nb6 25. Rc5 Be6 26. Rc7+ Kf6 27.
Rxh7 Bxa2 28. f4 Be6 29. g4 g5 30. Nf3 1-0

[Event "2BLN 2122 SV Lingen - SV Werder Bremen "]
[Site "?"]
[Date "2022.05.01"]
[Round "4.4"]
[White "Miletic, Vuk"]
[Black "Wachinger, Nikolas"]
[Result "1/2-1/2"]
[WhiteElo "2207"]
[BlackElo "2369"]
[PlyCount "44"]
[EventDate "2022.??.??"]

1. d4 Nf6 2. Nf3 g6 3. c4 Bg7 4. Nc3 d6 5. e4 O-O 6. Be2 e5 7. O-O exd4 8. Nxd4
Re8 9. f3 Nc6 10. Be3 Nh5 11. Qd2 Nxd4 12. Bxd4 Nf4 13. Rfd1 Bxd4+ 14. Qxd4
Nxe2+ 15. Nxe2 b6 16. Nc3 Bb7 17. Nd5 Bxd5 18. cxd5 Qg5 19. Qd2 Qe5 20. Qd4 Qg5
21. Qd2 Qe5 22. Qd4 Qg5 1/2-1/2

[Event "2BLN 2122 SV Lingen - SV Werder Bremen "]
[Site "?"]
[Date "2022.05.01"]
[Round "4.5"]
[White "Joachim, Sven"]
[Black "Stankovic, Dimitrije"]
[Result "1-0"]
[WhiteElo "2396"]
[BlackElo "2100"]
[PlyCount "63"]
[EventDate "2022.??.??"]

1. Nf3 Nf6 2. c4 g6 3. b3 Bg7 4. Bb2 d5 5. cxd5 Qxd5 6. Nc3 Qa5 7. g3 Bg4 8.
Bg2 Bxf3 9. Bxf3 c6 10. O-O O-O 11. Rb1 Rd8 12. b4 Qc7 13. b5 Nbd7 14. bxc6
bxc6 15. Qc2 Ne5 16. Bg2 Rac8 17. d3 h6 18. Rfc1 Ne8 19. Ne4 Nd6 20. Nxd6 Rxd6
21. d4 Nd7 22. e3 Kf8 23. Ba3 Rf6 24. e4 g5 25. e5 Rg6 26. Be4 Re6 27. Bf5 Qa5
28. Bxe6 fxe6 29. Rb7 Rd8 30. Bb4 Qd5 31. Qxc6 Qxd4 32. Qxe6 1-0

[Event "2BLN 2122 SV Lingen - SV Werder Bremen "]
[Site "?"]
[Date "2022.05.01"]
[Round "4.6"]
[White "Gazic, Josip"]
[Black "Breutigam, Martin"]
[Result "1/2-1/2"]
[WhiteElo "2150"]
[BlackElo "2380"]
[PlyCount "147"]
[EventDate "2022.??.??"]

1. e4 e5 2. Nf3 Nc6 3. Bc4 Nf6 4. d3 Be7 5. Nc3 d6 6. Be3 Na5 7. Bb3 O-O 8. h3
c6 9. Ne2 Nxb3 10. axb3 a6 11. g4 h5 12. gxh5 Nxh5 13. Qd2 f5 14. exf5 Rxf5 15.
Nh2 d5 16. d4 c5 17. dxe5 d4 18. O-O-O Qf8 19. Nxd4 cxd4 20. Qxd4 Be6 21. Ng4
Qe8 22. Rhg1 Kh8 23. f4 a5 24. Qb6 Qc6 25. Qxc6 bxc6 26. Kb1 Nxf4 27. Rh1 Nd5
28. Bc1 Rf3 29. Rd4 Bf5 30. Rc4 Ra6 31. e6 Nb4 32. Ne3 Bxe6 33. Re4 c5 34. Re1
Bg5 35. Re5 Bxe3 36. R1xe3 Rxe3 37. Bxe3 Bf7 38. Bxc5 Re6 39. Rxe6 Bxe6 40. Bb6
Nc6 41. h4 Kh7 42. c4 Kh6 43. Ka2 Kh5 44. Bf2 Bd7 45. Ka3 Nb4 46. Bb6 Kxh4 47.
Bxa5 Nc2+ 48. Ka2 g5 49. b4 g4 50. Kb3 Nd4+ 51. Kc3 g3 52. Bb6 Nf3 53. b5 Kg4
54. Be3 Kf5 55. b6 Bc6 56. b4 Ke4 57. b5 Kxe3 58. bxc6 g2 59. c7 g1=Q 60. c8=Q
Qe1+ 61. Kb3 Qb1+ 62. Ka4 Qxb6 63. c5 Qa7+ 64. Kb4 Qe7 65. Qc6 Ne5 66. Qd5 Nd3+
67. Kb5 Qe8+ 68. Qc6 Qe5 69. Qd6 Qb2+ 70. Kc6 Ne5+ 71. Kd5 Qd4+ 72. Ke6 Qxd6+
73. cxd6 Kd4 74. d7 1/2-1/2

[Event "2BLN 2122 SV Lingen - SV Werder Bremen "]
[Site "?"]
[Date "2022.05.01"]
[Round "4.7"]
[White "Richter, Christian"]
[Black "Boehme, Arne"]
[Result "1-0"]
[WhiteElo "2352"]
[BlackElo "2144"]
[PlyCount "223"]
[EventDate "2022.??.??"]

1. d4 g6 2. g3 Bg7 3. Bg2 d6 4. Nf3 Nf6 5. c4 O-O 6. Nc3 Nc6 7. O-O a6 8. b3
Rb8 9. Nd5 Nh5 10. Bb2 e6 11. Nc3 b5 12. cxb5 axb5 13. Rc1 b4 14. Na4 Bd7 15.
Ne1 Na5 16. Nd3 Bxa4 17. bxa4 Qd7 18. Qc2 b3 19. Qxc7 Qxa4 20. axb3 Nxb3 21.
Rc4 Qa2 22. Rc2 Qa4 23. Rc4 Qa2 24. Rc2 Qa4 25. d5 Nc5 26. Bxg7 Rfc8 27. Qxd6
Qxc2 28. Bd4 Nxd3 29. exd3 Qc7 30. Qxc7 Rxc7 31. Be5 Rcc8 32. Bxb8 Rxb8 33.
dxe6 fxe6 34. Rc1 Rd8 35. Rc3 Rd7 36. Kf1 Kf7 37. Ke2 Ng7 38. Rc8 Nf5 39. Rc4
h5 40. Rb4 Kf6 41. Ra4 Rd6 42. Be4 Rb6 43. Ra2 Rd6 44. Kd2 Rb6 45. Kc3 Nd6 46.
Bf3 Nf5 47. Kc4 Rb1 48. Kc3 Rb6 49. Kd2 Rd6 50. Be4 Rb6 51. Ke2 Rd6 52. Kf3 Rb6
53. Kf4 Nd6 54. Bg2 Rb4+ 55. Ke3 Nf5+ 56. Kd2 Rb6 57. Bf3 Rd6 58. Rb2 Ra6 59.
Be4 Rd6 60. Bb7 Ke5 61. Rb4 Nd4 62. Be4 Kf6 63. Ra4 Nf5 64. Bxf5 Kxf5 65. Rf4+
Ke5 66. Ke3 Rd7 67. Rf8 Rg7 68. h4 Kd6 69. Ra8 Ke5 70. Rf8 Kd6 71. Re8 Ke5 72.
d4+ Kf6 73. Rf8+ Ke7 74. Ra8 Kf6 75. Rf8+ Ke7 76. Rb8 Kf6 77. Rb6 Rd7 78. Ke4
Kf7 79. Rc6 Ke7 80. Ra6 Rd5 81. Ra3 Kf6 82. Rc3 Kf7 83. Rc5 Rd7 84. Ke5 Ke7 85.
Rb5 Kf7 86. Ra5 Ke7 87. f3 Kf7 88. Rb5 Ke7 89. Ra5 Kf7 90. Rb5 Ke7 91. g4 Kf7
92. Ra5 Rb7 93. Rc5 Rd7 94. Rb5 Ra7 95. Rc5 Rb7 96. Ra5 Rd7 97. gxh5 gxh5 98.
Ke4 Kg6 99. Rg5+ Kh6 100. Re5 Rd6 101. f4 Kg6 102. Rg5+ Kh6 103. f5 exf5+ 104.
Rxf5 Rg6 105. Ke5 Rg4 106. Rf4 Rg1 107. d5 Kg6 108. d6 Re1+ 109. Kd5 Rd1+ 110.
Rd4 Rxd4+ 111. Kxd4 Kf7 112. Ke5 1-0

[Event "2BLN 2122 SV Lingen - SV Werder Bremen "]
[Site "?"]
[Date "2022.05.01"]
[Round "4.8"]
[White "Kandic, Milan"]
[Black "Ewert, Hannes"]
[Result "0-1"]
[WhiteElo "2037"]
[BlackElo "2273"]
[PlyCount "84"]
[EventDate "2022.??.??"]

1. e4 e5 2. Nf3 Nc6 3. Bc4 Bc5 4. b4 Bxb4 5. c3 Be7 6. d4 Na5 7. Nxe5 Nxc4 8.
Nxc4 d5 9. exd5 Qxd5 10. Ne3 Qd8 11. Qb3 Nf6 12. Ba3 O-O 13. Bxe7 Qxe7 14. O-O
c6 15. Nd2 Be6 16. Qc2 c5 17. Nf3 Rfd8 18. Rfe1 Rac8 19. Rad1 Qc7 20. Qa4 cxd4
21. cxd4 a6 22. d5 Bd7 23. Qb3 b5 24. Rd3 Qd6 25. Nd4 Re8 26. Red1 g6 27. a3
Ne4 28. Qb4 Nc5 29. R3d2 Ne4 30. Qxd6 Nxd6 31. Rc2 Rxc2 32. Ndxc2 Rc8 33. Rd3
Bf5 34. Rd2 Bxc2 35. Rxc2 Rxc2 36. Nxc2 Kf8 37. Nb4 a5 38. Nc6 Nc4 39. d6 Ke8
40. Kf1 Kd7 41. Nd4 Nxa3 42. Ke2 Kxd6 0-1

[Event "2BLN 2122 SF Berlin II - SK Kirchweyhe"]
[Site "?"]
[Date "2022.05.14"]
[Round "5.1"]
[White "Ivic, Velimir"]
[Black "Schmidek, Emil"]
[Result "1-0"]
[WhiteElo "2625"]
[BlackElo "2383"]
[PlyCount "111"]
[EventDate "2022.??.??"]

1. Nf3 Nf6 2. c4 e6 3. d4 a6 4. Nc3 d5 5. cxd5 exd5 6. Bg5 Be6 7. e3 Nbd7 8.
Bd3 h6 9. Bf4 g5 10. Bg3 Nh5 11. Qb3 Nxg3 12. hxg3 b5 13. Qc2 c5 14. dxc5 Nxc5
15. Rd1 Rc8 16. Bf5 Bg7 17. Nxd5 Na4 18. Nc3 Qf6 19. Ne4 Rxc2 20. Nxf6+ Bxf6
21. Bxc2 Nxb2 22. Rd6 Ke7 23. Rxa6 Rc8 24. Ra7+ Kf8 25. Kd2 Nc4+ 26. Ke2 Nxe3
27. Bb3 Nd5 28. Rxh6 Kg7 29. Rh1 g4 30. Nh4 Bd4 31. Rb7 Kf6 32. Re1 Nc3+ 33.
Kf1 Nxa2 34. Rxb5 Bxb3 35. Rxb3 Rc2 36. Re4 Rc1+ 37. Ke2 Nc3+ 38. Rxc3 Bxc3 39.
Rxg4 Re1+ 40. Kd3 Ba5 41. Rc4 Rb1 42. Rc6+ Kg7 43. Nf5+ Kg8 44. Ra6 Bb4 45. f4
Rd1+ 46. Ke4 Rd2 47. Ra8+ Kh7 48. Ra7 Kg6 49. g4 Re2+ 50. Kf3 Rc2 51. Ra6+ Kh7
52. g5 Rc7 53. Kg4 Bd2 54. g3 Bc3 55. Nd6 Be1 56. Ne8 1-0

[Event "2BLN 2122 SF Berlin II - SK Kirchweyhe"]
[Site "?"]
[Date "2022.05.14"]
[Round "5.2"]
[White "Morgunov, Marc"]
[Black "Stevic, Hrvoje"]
[Result "0-1"]
[WhiteElo "2369"]
[BlackElo "2581"]
[PlyCount "152"]
[EventDate "2022.??.??"]

1. e4 e5 2. Nf3 Nc6 3. Bb5 g6 4. O-O Bg7 5. c3 a6 6. Ba4 b5 7. Bb3 Nge7 8. d4
exd4 9. cxd4 O-O 10. Nc3 d6 11. h3 Na5 12. Bc2 c5 13. dxc5 dxc5 14. Qxd8 Rxd8
15. Be3 Be6 16. Bxc5 Nec6 17. e5 Nc4 18. Be4 Rac8 19. b4 N6xe5 20. Nxe5 Bxe5
21. Rac1 Nd2 22. Rfe1 Nxe4 23. Nxe4 Bxa2 24. Nc3 Bxc3 25. Rxc3 Be6 26. Ra1 Rc6
27. Bd4 Rc4 28. Bf6 Rd6 29. Be5 Rxc3 30. Bxd6 Rc6 31. Rd1 f6 32. Be7 Kf7 33.
Bd8 g5 34. Rd2 h5 35. f3 h4 36. Kh2 Bf5 37. Ba5 Ke7 38. Rd8 Rc2 39. Ra8 Bc8 40.
Ra7+ Ke6 41. Rc7 Rc4 42. Rg7 Kf5 43. Re7 Be6 44. Ra7 Rc6 45. Rc7 Rd6 46. Rb7
Rd4 47. Ra7 Bc8 48. Rc7 Rc4 49. Bb6 Be6 50. Bc5 Rc2 51. Ra7 Ra2 52. Bb6 Bc4 53.
Kg1 Ke6 54. Ba5 Ra1+ 55. Kf2 f5 56. Rxa6+ Kd5 57. g4 Ra2+ 58. Kg1 Ra1+ 59. Kf2
fxg4 60. fxg4 Ke4 61. Rg6 Ra2+ 62. Kg1 Kf3 63. Bc7 Ra1+ 64. Kh2 Ra2+ 65. Kg1
Ra1+ 66. Kh2 Bd3 67. Rxg5 Ra2+ 68. Kg1 Ra1+ 69. Kh2 Be4 70. Rh5 Ra2+ 71. Kg1
Ra1+ 72. Kh2 Ra7 73. Be5 Ra2+ 74. Kg1 Rg2+ 75. Kf1 Bd3+ 76. Ke1 Ke3 0-1

[Event "2BLN 2122 SF Berlin II - SK Kirchweyhe"]
[Site "?"]
[Date "2022.05.14"]
[Round "5.3"]
[White "Brkic, Ante"]
[Black "Lauber, Arnd"]
[Result "1-0"]
[WhiteElo "2611"]
[BlackElo "2411"]
[PlyCount "75"]
[EventDate "2022.??.??"]

1. e4 c6 2. d4 d5 3. e5 Bf5 4. c4 e6 5. Nc3 Ne7 6. a3 Bg6 7. h4 h5 8. Bg5 Qd7
9. Nh3 dxc4 10. Bxc4 Nd5 11. Nxd5 cxd5 12. Be2 Be4 13. Nf4 g6 14. Bf6 Rg8 15.
f3 Bf5 16. Rc1 a6 17. Qd2 Nc6 18. b4 Qc7 19. Kf2 Qb6 20. Rhd1 Kd7 21. g4 hxg4
22. fxg4 Be4 23. Nh3 a5 24. b5 Nxd4 25. Qe3 Rc8 26. Rxc8 Kxc8 27. Qxd4 Qxd4+
28. Rxd4 Bxa3 29. Ra4 Bb4 30. Nf4 Bc2 31. Ra1 Kd7 32. Bd3 Bb3 33. h5 gxh5 34.
gxh5 Bc3 35. Rb1 a4 36. Rxb3 axb3 37. h6 Rg4 38. Ne2 1-0

[Event "2BLN 2122 SF Berlin II - SK Kirchweyhe"]
[Site "?"]
[Date "2022.05.14"]
[Round "5.4"]
[White "Baum, Jonasz"]
[Black "Jovanovic, Zoran"]
[Result "0-1"]
[WhiteElo "2355"]
[BlackElo "2524"]
[PlyCount "114"]
[EventDate "2022.??.??"]

1. d4 d6 2. e4 Nf6 3. Nc3 e5 4. dxe5 dxe5 5. Qxd8+ Kxd8 6. Bc4 Ke8 7. f4 Nbd7
8. Nf3 Bd6 9. g3 c6 10. a4 Ke7 11. Be3 Re8 12. O-O-O Ng4 13. Bg1 exf4 14. Rxd6
Kxd6 15. gxf4 f6 16. Nd4 Nf8 17. h3 Nh6 18. f5 Ke7 19. Be3 Nf7 20. Ndb5 Ne5 21.
Bc5+ Kd8 22. Rd1+ Nfd7 23. Na3 b6 24. Bd6 Nxc4 25. Nxc4 Ba6 26. Ne3 Kc8 27. Rg1
Rg8 28. b4 Ne5 29. b5 Bb7 30. Bxe5 fxe5 31. Nc4 Kc7 32. Nxe5 Rae8 33. Nd3 c5
34. Nf4 Kc8 35. Nh5 Bxe4 36. Nxe4 Rxe4 37. Nf6 Rxa4 38. Rg3 Rf8 39. Nxh7 Rxf5
40. Rxg7 Rf2 41. Ng5 Rc4 42. Kd1 Ra4 43. Kc1 Ra2 44. Rg8+ Kd7 45. Rg7+ Ke8 46.
Kb1 Rfxc2 47. h4 Rcb2+ 48. Kc1 Rh2 49. Kb1 Rae2 50. Rg8+ Ke7 51. Rg7+ Kd6 52.
Nf7+ Kd5 53. Rg5+ Kd4 54. Rg4+ Kc3 55. Rg3+ Kb4 56. Rg1 c4 57. Nd8 Kb3 0-1

[Event "2BLN 2122 SF Berlin II - SK Kirchweyhe"]
[Site "?"]
[Date "2022.05.14"]
[Round "5.5"]
[White "Kovacevic, Aleksandar"]
[Black "Florstedt, Johannes"]
[Result "1-0"]
[WhiteElo "2503"]
[BlackElo "2316"]
[PlyCount "81"]
[EventDate "2022.??.??"]

1. Nf3 Nf6 2. c4 g6 3. Nc3 Bg7 4. e4 e5 5. Nxe5 O-O 6. Nf3 Re8 7. Bd3 b5 8. O-O
Bb7 9. cxb5 d5 10. exd5 Nxd5 11. Bc4 Nb6 12. Bb3 c5 13. d3 N8d7 14. a4 Ne5 15.
Nxe5 Bxe5 16. a5 Qh4 17. h3 c4 18. dxc4 Nxc4 19. a6 Bc8 20. Qf3 Be6 21. Ra4
Rac8 22. Re1 Qd8 23. Bf4 Nd2 24. Bxd2 Bxb3 25. Rae4 Qxd2 26. Rxe5 Rxe5 27. Rxe5
Qxb2 28. Qf6 Be6 29. Re3 Qc1+ 30. Kh2 Qd2 31. Ne4 Qd8 32. Qe5 Qc7 33. Nd6 Rb8
34. Rc3 Qb6 35. Rc6 Qd8 36. Ne4 h6 37. Nf6+ Kf8 38. Rxe6 fxe6 39. Nd7+ Qxd7 40.
Qxb8+ Ke7 41. b6 1-0

[Event "2BLN 2122 SF Berlin II - SK Kirchweyhe"]
[Site "?"]
[Date "2022.05.14"]
[Round "5.6"]
[White "Polzin, Rainer"]
[Black "Palac, Mladen"]
[Result "1/2-1/2"]
[WhiteElo "2393"]
[BlackElo "2501"]
[PlyCount "28"]
[EventDate "2022.??.??"]

1. e4 c5 2. Nc3 Nc6 3. Nge2 g6 4. d4 cxd4 5. Nxd4 Bg7 6. Be3 Nf6 7. Bc4 O-O 8.
Bb3 d6 9. f3 Nxd4 10. Bxd4 Qa5 11. Qd2 Be6 12. O-O-O b5 13. Kb1 b4 14. Nd5 Bxd5
1/2-1/2

[Event "2BLN 2122 SF Berlin II - SK Kirchweyhe"]
[Site "?"]
[Date "2022.05.14"]
[Round "5.7"]
[White "Zelcic, Robert"]
[Black "Chatzidakis, Mihail"]
[Result "0-1"]
[WhiteElo "2515"]
[BlackElo "2358"]
[PlyCount "120"]
[EventDate "2022.??.??"]

1. e4 c5 2. Nf3 Nc6 3. d4 cxd4 4. Nxd4 Nf6 5. Nc3 d6 6. Bg5 e6 7. Qd2 a6 8.
O-O-O Bd7 9. f4 Be7 10. Nf3 b5 11. Bxf6 Bxf6 12. Qxd6 Be7 13. Qd2 b4 14. Na4
Ra7 15. Qe3 Qa5 16. b3 Rb7 17. Nd2 Na7 18. Nc4 Qc7 19. Rxd7 Kxd7 20. Ne5+ Ke8
21. Bxa6 Rb8 22. Rd1 Rd8 23. Rxd8+ Bxd8 24. Nd3 Be7 25. Qd4 Kf8 26. g3 h5 27.
Kb1 h4 28. g4 h3 29. g5 Rh4 30. Qe3 g6 31. Qg3 Rh5 32. Qf2 Nc6 33. Ndc5 Qd6 34.
Be2 Qd2 35. Nd3 Rh7 36. f5 gxf5 37. exf5 Bxg5 38. fxe6 Be3 39. e7+ Kxe7 40. Qe1
Qxe1+ 41. Nxe1 Nd4 42. Bc4 Bd2 43. Nd3 Nf3 44. Nf2 Nxh2 45. Bd3 Rh5 46. Be2 Rh4
47. Nb2 Be3 48. Nh1 Ng4 49. Nd1 h2 50. c3 bxc3 51. Kc2 Bd4 52. a4 Ne5 53. Nxc3
f5 54. a5 f4 55. Nb5 f3 56. Bf1 Bc5 57. a6 Rg4 58. b4 Rxb4 59. a7 Ra4 60. Kb3
Ra1 0-1

[Event "2BLN 2122 SF Berlin II - SK Kirchweyhe"]
[Site "?"]
[Date "2022.05.14"]
[Round "5.8"]
[White "Rudolf, Henrik"]
[Black "Zaja, Ivan"]
[Result "0-1"]
[WhiteElo "2278"]
[BlackElo "2449"]
[PlyCount "96"]
[EventDate "2022.??.??"]

1. e4 c5 2. Nf3 e6 3. d4 cxd4 4. Nxd4 Bb4+ 5. c3 Be7 6. Bd3 Nc6 7. O-O d6 8. f4
Nf6 9. Be3 e5 10. Nf5 Bxf5 11. exf5 e4 12. Bc2 d5 13. h3 h5 14. b4 Qd7 15. b5
Na5 16. Nd2 b6 17. Bd4 Rc8 18. Qe2 Bc5 19. Nf3 Qxf5 20. Ne5 Nd7 21. Rf2 h4 22.
Bb3 Bxd4 23. cxd4 Nf6 24. Nc6 Nxc6 25. bxc6 Rc7 26. Rc1 O-O 27. Qb5 Rd8 28. Bd1
Rd6 29. a4 e3 30. Rf3 Qe4 31. Rc3 Qxd4 32. Rd3 Qc5 33. Rfxe3 Rdxc6 34. Bf3 Re6
35. Qxc5 bxc5 36. Kf2 d4 37. Rxe6 fxe6 38. Ke2 Nd5 39. Bxd5 exd5 40. Rb3 Kf7
41. Rb5 Ke6 42. Kd3 c4+ 43. Kxd4 c3 44. f5+ Kf6 45. Rb1 c2 46. Rc1 Kxf5 47.
Kxd5 Kf4 48. Kd6 Rc3 0-1

[Event "2BLN 2122 SC Rotation Pankow - SV Linge"]
[Site "?"]
[Date "2022.05.14"]
[Round "5.1"]
[White "Kollen, Zyon"]
[Black "Szelag, Marcin"]
[Result "0-1"]
[WhiteElo "2376"]
[BlackElo "2419"]
[PlyCount "108"]
[EventDate "2022.??.??"]

1. e4 c5 2. Nf3 d6 3. d4 cxd4 4. Nxd4 Nf6 5. Nc3 a6 6. Be3 e5 7. Nb3 Be6 8. f3
h5 9. Qd3 Nbd7 10. Nd5 Bxd5 11. exd5 g6 12. Be2 Bh6 13. Bxh6 Rxh6 14. Qe3 Rh8
15. c4 Kf8 16. O-O Kg7 17. Nd2 a5 18. b3 Rc8 19. a3 b5 20. Ne4 Nxe4 21. fxe4
bxc4 22. Bxc4 Rb8 23. Rab1 Qc7 24. Kf2 Rb6 25. Rfc1 Qc5 26. b4 axb4 27. axb4
Rxb4 28. Qxc5 dxc5 29. Rxb4 cxb4 30. Bb3 Ra8 31. d6 Ra6 32. Rc4 Rxd6 33. Rxb4
Nc5 34. Ke2 Rd4 35. Rxd4 exd4 36. Bd5 f6 37. h4 Kf8 38. g3 Ke7 39. Bc6 g5 40.
hxg5 fxg5 41. Ke1 Kd6 42. Be8 Nxe4 43. Bxh5 Nxg3 44. Bg6 Ke5 45. Kd2 Ne4+ 46.
Kd3 Nf2+ 47. Ke2 Nh3 48. Kf3 Nf4 49. Be8 Nd5 50. Bg6 Nf6 51. Bf7 g4+ 52. Kg3
Ke4 53. Kf2 d3 54. Bb3 Kf4 0-1

[Event "2BLN 2122 SC Rotation Pankow - SV Linge"]
[Site "?"]
[Date "2022.05.14"]
[Round "5.4"]
[White "Neumeier, Lars"]
[Black "Gazic, Josip"]
[Result "1-0"]
[WhiteElo "2312"]
[BlackElo "2150"]
[PlyCount "85"]
[EventDate "2022.??.??"]

1. d4 Nf6 2. Nf3 e6 3. c4 d5 4. g3 Nbd7 5. Bg2 Bb4+ 6. Bd2 Bxd2+ 7. Nbxd2 O-O
8. O-O b6 9. Ne5 Bb7 10. e3 c5 11. Rc1 Nxe5 12. dxe5 Nd7 13. f4 Qc7 14. cxd5
exd5 15. Nf3 a5 16. Nd4 c4 17. Nf5 Rad8 18. Nd6 Ba6 19. Bxd5 b5 20. a4 Nb6 21.
axb5 Bxb5 22. Nxb5 Qc5 23. Bxf7+ Kxf7 24. Nd6+ Kg8 25. Qd4 Qb4 26. Rfd1 h6 27.
e4 Kh7 28. e6 Rf6 29. Qe5 Nc8 30. Nxc8 Rxc8 31. f5 Qb3 32. Qc3 Qb6+ 33. Qd4 Qb7
34. Rxc4 Rxc4 35. Qxc4 Qxb2 36. e7 Qe5 37. Rd8 Qa1+ 38. Kg2 Qb2+ 39. Kh3 h5 40.
Qg8+ Kh6 41. Qh8+ Kg5 42. Qxg7+ Rg6 43. Qxg6# 1-0

[Event "2BLN 2122 SC Rotation Pankow - SV Linge"]
[Site "?"]
[Date "2022.05.14"]
[Round "5.6"]
[White "Guth, Thomas"]
[Black "Kandic, Milan"]
[Result "1/2-1/2"]
[WhiteElo "2257"]
[BlackElo "2037"]
[PlyCount "83"]
[EventDate "2022.??.??"]

1. e4 d6 2. Nc3 e5 3. Bc4 Nf6 4. d3 Be6 5. Bg5 Bxc4 6. dxc4 Be7 7. Nf3 O-O 8.
Qd2 Nbd7 9. O-O h6 10. Bxf6 Nxf6 11. Rad1 a6 12. Qe2 Qe8 13. h3 Qc6 14. Nh2
Rfe8 15. Ng4 Nxg4 16. hxg4 Bg5 17. Nd5 Rac8 18. b3 Rcd8 19. Rd3 b6 20. Rfd1 Rd7
21. Rc3 a5 22. a4 Red8 23. Rh3 Qb7 24. Nc3 Re8 25. Rf3 g6 26. Nd5 Kg7 27. Rh3
c6 28. Nc3 Qc7 29. Qf3 Qd8 30. Rd3 Re6 31. Qd1 Qc7 32. g3 Qd8 33. Kg2 Rf6 34.
Rh1 Qe7 35. Rf1 Kh7 36. f4 exf4 37. e5 Qxe5 38. Re1 Qc5 39. Ne4 Qe5 40. Nc3 Qc5
41. Ne4 Qe5 42. Nc3 1/2-1/2

[Event "2BLN 2122 SC Rotation Pankow - SV Linge"]
[Site "?"]
[Date "2022.05.14"]
[Round "5.7"]
[White "Stojanovic, Bojan"]
[Black "Jeske, Eckhard"]
[Result "0-1"]
[WhiteElo "2033"]
[BlackElo "2142"]
[PlyCount "110"]
[EventDate "2022.??.??"]

1. b3 e5 2. Bb2 Nc6 3. e3 g6 4. Bb5 Bg7 5. f4 f6 6. Ne2 Nge7 7. O-O O-O 8. c4
a6 9. Bxc6 bxc6 10. Nbc3 c5 11. fxe5 fxe5 12. e4 d6 13. d3 Be6 14. Bc1 Qd7 15.
Be3 h6 16. Qd2 Kh7 17. Rxf8 Rxf8 18. Rf1 Rxf1+ 19. Kxf1 Ng8 20. Nd1 Ne7 21. Qa5
Qc8 22. Nf2 Nc6 23. Qd2 Qb8 24. Nd1 Bg4 25. Nf2 Bd7 26. Nd1 Qb4 27. Qb2 Qb8 28.
Nf2 a5 29. Nc3 Nd4 30. Ne2 Nc6 31. Bd2 a4 32. Qa3 axb3 33. Qxb3 Qxb3 34. axb3
h5 35. Ke1 Bh6 36. h3 Bxd2+ 37. Kxd2 Kh6 38. h4 g5 39. g3 gxh4 40. gxh4 Ne7 41.
Ng1 Bg4 42. Ngh3 Ng6 43. Ng5 Nxh4 44. Ngh3 Ng2 45. Kc3 Bxh3 46. Nxh3 Nf4 47.
Nf2 Kg5 48. b4 h4 49. bxc5 dxc5 50. Kd2 h3 51. Ke3 h2 52. Kd2 Kh4 53. Ke3 Kg3
54. Nh1+ Kg2 55. Nf2 Nh3 0-1

[Event "2BLN 2122 SK Norderstedt - SK Zehlendor"]
[Site "?"]
[Date "2022.05.14"]
[Round "5.2"]
[White "Trent, Lawrence"]
[Black "Lagunow, Raphael"]
[Result "0-1"]
[WhiteElo "2398"]
[BlackElo "2396"]
[PlyCount "78"]
[EventDate "2022.??.??"]

1. d4 e6 2. Nf3 Nf6 3. Bf4 c5 4. e3 Qb6 5. Nc3 cxd4 6. exd4 a6 7. a3 d5 8. Bd3
Bd7 9. O-O Qxb2 10. Qd2 Qb6 11. Rfb1 Qa7 12. Ne5 Nc6 13. Bb5 axb5 14. Nxb5 Qa5
15. Nxc6 Bxc6 16. Nc7+ Kd7 17. Nxa8 Qxa8 18. a4 Ne4 19. Qe1 Qa7 20. f3 Qxd4+
21. Be3 Qxe3+ 22. Qxe3 Bc5 23. Qxc5 Nxc5 24. a5 Ra8 25. Rb4 e5 26. Ra3 Kd6 27.
f4 e4 28. Kf2 f5 29. Ke3 Ne6 30. c3 Kc5 31. Rb2 Nd8 32. a6 Rxa6 33. Rxa6 bxa6
34. Rb8 Ne6 35. g4 fxg4 36. f5 d4+ 37. cxd4+ Nxd4 38. Kf4 Nc2 39. Rb3 Ba4 0-1

[Event "2BLN 2122 SK Norderstedt - SK Zehlendor"]
[Site "?"]
[Date "2022.05.14"]
[Round "5.6"]
[White "Michna, Marta"]
[Black "Figura, Atila Gajo"]
[Result "1-0"]
[WhiteElo "2317"]
[BlackElo "2376"]
[PlyCount "81"]
[EventDate "2022.??.??"]

1. d4 Nf6 2. Nf3 g6 3. c3 Bg7 4. h3 O-O 5. Bf4 d6 6. Nbd2 Nbd7 7. e3 b6 8. Be2
Bb7 9. O-O Qe8 10. Bh2 e5 11. a4 a6 12. b4 Qe7 13. Qb3 Kh8 14. Rac1 Nh5 15. a5
f5 16. axb6 cxb6 17. dxe5 dxe5 18. Rfd1 f4 19. e4 Nhf6 20. Ng5 Bh6 21. Qe6 Rae8
22. Qxe7 Rxe7 23. h4 Ra8 24. f3 Bxg5 25. hxg5 Ne8 26. Nc4 Bc6 27. Kf1 a5 28.
Bg1 Ba4 29. Rxd7 Bxd7 30. Nxb6 Rb8 31. Bc5 Rg7 32. bxa5 Bc6 33. Rd1 Rc7 34. Bb4
Kg7 35. Kf2 Ra7 36. c4 Nc7 37. Bc3 Re8 38. Nd7 Bxd7 39. Rxd7+ Kg8 40. c5 Rc8
41. Bxe5 1-0

[Event "2BLN 2122 SK Norderstedt - SK Zehlendor"]
[Site "?"]
[Date "2022.05.14"]
[Round "5.7"]
[White "Brustkern, Juergen"]
[Black "Hagenstein, Frank"]
[Result "0-1"]
[WhiteElo "2179"]
[BlackElo "2234"]
[PlyCount "112"]
[EventDate "2022.??.??"]

1. f4 d5 2. Nf3 g6 3. e3 Bg7 4. Be2 Nf6 5. O-O O-O 6. d3 b6 7. a4 a6 8. Qe1
Nbd7 9. Nc3 Bb7 10. Bd1 c5 11. e4 d4 12. Ne2 e5 13. h3 Ne8 14. Ng3 Qc7 15. f5
c4 16. fxg6 fxg6 17. Ng5 Rxf1+ 18. Qxf1 Nf8 19. Bg4 Bc8 20. Be2 h6 21. Nf3 c3
22. bxc3 Qxc3 23. Ba3 Qc7 24. Nd2 Nd6 25. a5 b5 26. Nb3 Be6 27. Qd1 Bf7 28. Nf1
Nb7 29. Bb4 Rc8 30. Bg4 Nd7 31. Nfd2 h5 32. Bxd7 Qxd7 33. Rc1 Bh6 34. Rb1 Qc7
35. Nf3 Bg7 36. Qf1 Bf8 37. Qe1 Be7 38. Bxe7 Qxe7 39. Qg3 Re8 40. Rf1 Kg7 41.
Nh4 Kh6 42. Nd2 Nxa5 43. Rf5 Nc6 44. Ndf3 Rg8 45. Rg5 Qf6 46. Nxe5 Nxe5 47.
Rxe5 Rc8 48. Nf3 Rxc2 49. Rg5 b4 50. e5 Qe7 51. Qf4 Kg7 52. Nh4 Kh7 53. e6 Be8
54. Nf3 b3 55. Qe4 b2 56. Rxh5+ Kg8 0-1

[Event "2BLN 2122 Hamburger SK II - SG AE Magde"]
[Site "?"]
[Date "2022.05.14"]
[Round "5.1"]
[White "Gungl, Theo"]
[Black "Zwirs, Nico"]
[Result "0-1"]
[WhiteElo "2393"]
[BlackElo "2468"]
[PlyCount "82"]
[EventDate "2022.??.??"]

1. d4 d5 2. c4 e6 3. Nc3 Nf6 4. Nf3 dxc4 5. e3 a6 6. a4 Bb4 7. Bxc4 O-O 8. O-O
b6 9. Ne5 Bb7 10. Nd3 Be7 11. b4 Nbd7 12. Ba3 a5 13. b5 Bxa3 14. Rxa3 Qe7 15.
Rb3 e5 16. d5 e4 17. Nf4 Rad8 18. Qd4 Nc5 19. Rb2 Rd6 20. Rd1 Ng4 21. h3 Nh6
22. Ba2 Nf5 23. Qc4 Rh6 24. Nfe2 Nd6 25. Qd4 Bc8 26. Ng3 g5 27. Bb1 Re8 28. Rf1
g4 29. hxg4 Qh4 30. Nh5 Nf5 31. gxf5 Qxh5 32. f3 Bxf5 33. Nxe4 Bxe4 34. fxe4
Re5 35. Rf5 Qh1+ 36. Kf2 Rg6 37. Kf3 Re8 38. Bd3 Qd1+ 39. Be2 Qe1 40. g4 Rxe4
41. Qxe4 Qh1+ 0-1